| 000 | 00706nam a2200193 a 4500 | ||
|---|---|---|---|
| 001 | 2225 | ||
| 003 | CDMR | ||
| 005 | 20131104163745.0 | ||
| 008 | 130130s1984||||||||||||||||||||||||||||d | ||
| 020 | _a848615359X | ||
| 040 |
_aCDMR _bcat _cCDMR |
||
| 100 | 1 |
_aPérez del Toro, Laura _91653 |
|
| 245 | 1 | 3 |
_aLa prensa de prestigio en la Comunidad Económica Europea _cLaura Pérez del Toro |
| 260 |
_aBarcelona _c1984 _bMitre |
||
| 490 | 0 | _aTextos de Periodismo | |
| 500 | _aInclou l'anàlisi dels diaris Berlingske Tidende, Le Monde, Le Figaro, L'Stampa, The Times, The Guardian, The Daily Telegraph, Frankfurter Allgemeine, Süddeutsche Zeitung, Die Welt | ||
| 650 | 0 | 4 |
_94093 _aPremsa _zEuropa |
| 942 |
_cMON _2udc |
||
| 999 |
_c2225 _d2225 |
||